00449nam a2200133Ia 4500008004100000020001800041082001900059100003100078245004800109260003000157300001000187440002900197650008900226120622s9999 xx 000 0 und d a968-804-568-3 af 972.06 M425m aMateos, Juan A., 1831-1913 aLos mártires de Tacubaya / Juan A. Mateos aMéxico : SEP : CONASUPO a32 p. aCuadernos mexicanos ; 37 a1. MEXICO - HISTORIA - GUERRA DE TRES AÑOS, 1857-1860 \ 2. MARTIRES DE TACUBAYAÌ